Statistiques concernant Paroles un monde parfait-Ilona

Cliquez ici pour prendre le quiz!

Statistiques générales

  • Ce quiz a été pris 57 fois
  • Le résultat moyen est 260 sur 330

Statistiques - réponses

Réponse% Correct
De
100%
de
100%
Un
98%
un
98%
une
96%
des
94%
Des
94%
me
94%
bleu
92%
ce
92%
Ce
92%
Du
92%
du
92%
je
92%
j'imagine
90%
mon
90%
nuage
90%
oiseau
90%
sans
90%
ciel
88%
Le
88%
matin
88%
au
85%
que
85%
chèvre
83%
Et
83%
et
83%
rouge
83%
en
81%
monde
81%
parfait
81%
dessin
79%
pays
79%
ça
77%
comme
77%
les
77%
soleil
75%
Avec
73%
lèvres
73%
merveilles
73%
animaux
71%
beau
71%
c'est
71%
couleurs
71%
enfant
71%
soir
71%
tout
71%
bout
69%
69%
sens
69%
tous
69%
crocodile
67%
ne
67%
qu'il
67%
m'endors
65%
peu
65%
plaît
65%
quelques
65%
sourire
65%
Car
63%
image
63%
pinceau
63%
vache
63%
abeille
60%
cage
60%
plus
60%
sage
60%
toutes
58%
fais
56%
sel
52%
vivent
50%
crayon
48%
sucre
48%
verts
46%
vient
46%
jaunes
44%
maisons
44%
perroquets
44%
fleurs
40%
blancs
38%
contour
33%
Quand
33%
mets
29%
d'autres
27%
étoile
27%
j'efface
27%
recommence
27%
m'plaît
25%

Distribution des résultats

Percentile par nombre de réponses

% des personnes avec chaque résultat

Votre développement - résultats

Vous n’avez pas pris ce quiz